Normal view MARC view
  • Savage, Diane W

Entry Personal Name

Number of records used in: 1

001 - CONTROL NUMBER

  • control field: 128929

003 - CONTROL NUMBER IDENTIFIER

  • control field: NUST

005 - DATE AND TIME OF LATEST TRANSACTION

  • control field: 20250512094302.0

008 - FIXED-LENGTH DATA ELEMENTS

  • fixed length control field: 250512|| aca||aabn | a|a d

040 ## - CATALOGING SOURCE

  • Original cataloging agency: NUST
  • Transcribing agency: NUST

100 ## - HEADING--PERSONAL NAME

  • Personal name: Savage, Diane W

670 ## - SOURCE DATA FOUND

  • Source citation: Work cat.: (NUST)0: Bagley, Constance E. 128928, Managers and the legal environment :, c2006.
© 2023 Central Library, National University of Sciences and Technology. All Rights Reserved.